| 000 | 00410cam a2200157ua 4500 | ||
|---|---|---|---|
| 003 | OSt | ||
| 008 | 221105b |||||||| |||| 00| 0 eng d | ||
| 041 | _aeng | ||
| 082 |
_a330.954 _bSAN/KE |
||
| 100 |
_aSankaranarayanan, K C . _95295 |
||
| 245 | _aKerala Economy / | ||
| 260 |
_aNew Delhi : _bOxford & IBH Publishing company , _c1985. |
||
| 300 | _a332 ; . | ||
| 700 | 1 |
_aKarunakaran, V . _95296 |
|
| 942 | _cBK | ||
| 999 |
_c3101 _d3101 |
||